Statistics for Nintendo Consoles

Click here to take the quiz!

General Stats

  • This quiz has been taken 25,509 times
  • The average score is 10 of 12

Answer Stats

YearTypeConsole% Correct
2006HomeWii
94%
1989PortableGame Boy
93%
1985HomeNintendo Entertainment System
88%
2017Home + PortableSwitch
88%
2004PortableNintendo DS
86%
1996HomeNintendo 64
84%
2001HomeGameCube
82%
2012HomeWii U
82%
1990HomeSuper Nintendo
79%
2011PortableNintendo 3DS
76%
1998PortableGame Boy Color
73%
2001PortableGame Boy Advance
71%

Score Distribution

Percentile by Number Answered

Percent of People with Each Score

Your Score History

You have not taken this quiz